| 000 | 00413cam a2200169ua 4500 | ||
|---|---|---|---|
| 041 |
_aeng _h |
||
| 082 |
_a928.2 _bCOG/GE |
||
| 100 | _aCoghill, Nevill . | ||
| 245 |
_aGeoffery Chaucer / _cCoghill. _hTextual Documents |
||
| 250 |
_a1 / _b. |
||
| 260 |
_aLendon : _bLangmans Green And Co. Ltd , _c1959. |
||
| 300 | _a67 ; . | ||
| 504 | _a | ||
| 700 | 1 | _aCoghill, Nevill . | |
| 942 | _cBK | ||
| 999 |
_c2815 _d2815 |
||